| 000 | 05029cam a2200865 i 4500 | ||
|---|---|---|---|
| 001 | 18413273 | ||
| 003 | ARRUPE | ||
| 005 | 20221128114328.0 | ||
| 008 | 141222t2015 uk c e b 001 0deng d | ||
| 010 | _a 2014959993 | ||
| 015 |
_aGBB556950 _2bnb |
||
| 020 |
_a9780198703662 _q(hardback) |
||
| 020 |
_a019870366X _q(hardback) |
||
| 028 | _bArrupe | ||
| 035 | _a(OCoLC)ocn915513904 | ||
| 040 |
_aAU@ _beng _cAU@ _erda _dOCLCO _dBTCTA _dBDX _dYDXCP _dOCLCF _dOCLCO _dAMH _dOCLCO _dAZT _dNLE _dLTSCA _dOCL _dAUM _dOCLCO _dZCU _dORU _dVP@ _dOCLCQ _dS3O _dOCLCO _dOCL _dOCLCO _dLHM _dOCLCO _dIPS _dOCL _dOCLCO _dCHVBK _dOCLCO _dCRSBY _dOCLCO _dBKL _dDLC |
||
| 042 | _alccopycat | ||
| 043 | _ae-gx--- | ||
| 050 | 0 | 0 |
_aD748 _b.U73 2015 |
| 082 | 0 | 0 |
_a943.086092/2 _223 |
| 100 | 1 |
_aUrbach, Karina, _eauthor. _951991 |
|
| 245 | 1 | 0 |
_aGo-betweens for Hitler / _cKarina Urbach. |
| 250 | _aFirst edition. | ||
| 300 |
_aviii, 389 pages : _bportraits ; _c25 cm |
||
| 504 | _aIncludes bibliographical references (pages 357-371) and index. | ||
| 505 | 0 | _apart 1. Go-betweens before Hitler. What are go-betweens? ; Go-betweens in the Great War ; Bolshevism : the fear that binds -- part 2. Hitler's go-betweens. Approaching the appeasers : the Duke of Coburg ; Horthy, Hitler, and Lord Rothermere : Princess Stephanie Hohenlohe ; Munich to Marbella : Prince Max Egon zu Hohenlohe-Langenburg -- Conclusion : did go-betweens make a difference? | |
| 520 | _aThis is the untold story of how some of Germany's top aristocrats contributed to Hitler's secret diplomacy during the Third Reich, providing a direct line to their influential contacts and relations across Europe, especially in Britain, where their contacts included the press baron and Daily Mail owner Lord Rothermere and the future King Edward VIII. Using previously unexplored sources from Britain, Germany, the Netherlands, the Czech Republic, and the USA, this book unravels the story of top-level go-betweens such as the Duke of Coburg, grandson of Queen Victoria, and the seductive Stephanie von Hohenlohe, who rose from a life of poverty in Vienna to become a princess and an intimate of Adolf Hitler. As Urbach shows, Coburg and other senior aristocrats were tasked with some of Germany's most secret foreign policy missions from the First World War onwards, culminating in their role as Hitler's trusted go-betweens, as he readied Germany for conflict during the 1930s and later, in the Second World War. Tracing what became of these high-level go-betweens in the years after the Nazi collapse in 1945, from prominent media careers to sunny retirements in Marbella, the book concludes with an assessment of their overall significance in the foreign policy of the Third Reich. | ||
| 600 | 1 | 0 |
_aHitler, Adolf, _d1889-1945 _xFriends and associates. _951992 |
| 600 | 1 | 4 |
_aHitler, Adolf, _d1889-1945. _921935 |
| 600 | 1 | 7 |
_aHitler, Adolf, _d1889-1945. _921935 |
| 600 | 1 | 7 |
_aHitler, Adolf, _d1889-1945. _2fast _921935 |
| 600 | 1 | 7 |
_aHitler, Adolf _d1889-1945 _2gnd _921935 |
| 600 | 0 | 7 |
_aKarl Eduard _cSachsen-Coburg-Gotha, Herzog _d1884-1954 _2gnd _951993 |
| 611 | 2 | 7 |
_aWorld War (1939-1945.) _951940 |
| 611 | 2 | 7 |
_aWorld War (1939-1945) _2fast _951940 |
| 648 | 7 |
_a1900 - 1999. _942650 |
|
| 648 | 7 |
_a1933-1945 _2fast _951994 |
|
| 650 | 0 |
_aTrack two diplomacy _zGermany _xHistory. _951995 |
|
| 650 | 0 |
_aWorld War, 1939-1945 _xDiplomatic history. _951996 |
|
| 650 | 0 |
_aDiplomatic negotiations in international disputes. _951997 |
|
| 650 | 0 |
_aAristocracy (Social class) _zGermany. _951998 |
|
| 650 | 7 |
_aNobility _xPolitical activity. _951999 |
|
| 650 | 7 |
_aDiplomatic history. _952000 |
|
| 650 | 7 |
_aPolitics and government. _931317 |
|
| 650 | 7 |
_aDiplomatic relations. _952001 |
|
| 650 | 7 |
_aFriendship. _929591 |
|
| 650 | 7 |
_aAristocracy (Social class) _2fast _952002 |
|
| 650 | 7 |
_aDiplomacy. _2fast _952003 |
|
| 650 | 7 |
_aDiplomatic history. _2fast _952000 |
|
| 650 | 7 |
_aDiplomatic negotiations in international disputes. _2fast _951997 |
|
| 650 | 7 |
_aFriendship. _2fast _929591 |
|
| 650 | 7 |
_aAussenpolitik _2gnd _952004 |
|
| 650 | 7 |
_aHochadel _2gnd _952005 |
|
| 650 | 7 |
_aVermittlung _2gnd _952006 |
|
| 650 | 7 |
_aAndra världskriget 1939-1945. _2sao _952007 |
|
| 650 | 7 |
_aDiplomatiska förbindelser. _2sao _952008 |
|
| 650 | 7 |
_aInternationella relationer. _2sao _952009 |
|
| 650 | 7 |
_aVänskap. _2sao _952010 |
|
| 650 | 7 |
_aAdel. _2sao _952011 |
|
| 651 | 0 |
_aGermany _xHistory _y1933-1945. _914974 |
|
| 651 | 4 |
_aTyskland. _952012 |
|
| 651 | 4 |
_aStorbritannien. _952013 |
|
| 651 | 4 |
_aEuropa. _952014 |
|
| 651 | 7 |
_aEurope. _921812 |
|
| 651 | 7 |
_aGermany. _952015 |
|
| 651 | 7 |
_aGreat Britain. _951945 |
|
| 651 | 7 |
_aGermany. _2fast _952015 |
|
| 651 | 7 |
_aDeutschland _2gnd _952016 |
|
| 655 | 7 |
_aHistory. _912337 |
|
| 655 | 7 |
_aHistory. _2fast _912337 |
|
| 856 | 4 | 2 |
_uhttp://scans.hebis.de/35/94/05/35940540_toc.pdf _zTable of contents from HeBIS-Verbundkatalog |
| 906 |
_a7 _bcbc _ccopycat _d2 _encip _f20 _gy-gencatlg |
||
| 942 |
_2lcc _cMONOGRAPH |
||
| 999 |
_c131578 _d131578 |
||